[Event "Druzynowe Mistrzostwa Polski - II Liga Seniorow"]
[Site "Ustron/Slaski Zwiazek Szachowy"]
[Date "2008.09.08"]
[Round "3.1"]
[White "Chojnacki, Slawomir"]
[Black "Mista, Aleksander"]
[Result "0-1"]
[WhiteTitle "k"]
[BlackTitle "GM"]
[WhiteElo "2263"]
[BlackElo "2539"]

1. d4 d6 2. Nf3 g6 3. g3 Bg7 4. Bg2 Nf6 5. O-O O-O 6. c4 Nbd7 7. b3 e5 8. Bb2
e4 9. Nfd2 Re8 10. e3 Nf8 11. Nc3 Bf5 12. Qc2 Qe7 13. Nd5 Nxd5 14. cxd5 h5 15.
Rac1 Rac8 16. b4 Nh7 17. Qa4 a6 18. Rc3 Bh6 19. Rfc1 Nf6 20. Qb3 Qd7 21. a4 h4
22. b5 axb5 23. axb5 b6 24. Rc6 Kg7 25. Qc4 hxg3 26. hxg3 Bh3 27. Rxc7 Rxc7 28.
Qxc7 Qf5 29. Nc4 Ng4 30. Rc2 Qh5 31. Nxd6 Rf8 32. Bc1 Nf6 33. Bxh3 Qxh3 34. Qe7
Qg4 35. Rd2 Qf3 36. Ba3 Kg8 37. Nc4 Re8 38. Ne5 Rxe7 39. Bxe7 Qf5 40. Bxf6 Qxf6
41. Rc2 Qd8 42. Rc6 Bf8 43. d6 Bxd6 44. Nc4 Bc7 45. d5 Bxg3 46. Nxb6 Qg5 47.
fxg3 Qxg3+ 48. Kh1 Qh3+ 49. Kg1 Qxe3+ 50. Kh2 Qf2+ 51. Kh3 e3 52. d6 e2 0-1

[Event "Druzynowe Mistrzostwa Polski - II Liga Seniorow"]
[Site "Ustron/Slaski Zwiazek Szachowy"]
[Date "2008.09.08"]
[Round "3.2"]
[White "Tomczak, Rafal"]
[Black "Zgadzaj, Rafal"]
[Result "1/2-1/2"]
[WhiteTitle "FM"]
[BlackTitle "k"]
[WhiteElo "2350"]
[BlackElo "2245"]

1. e4 d6 2. d4 Nf6 3. Bd3 g6 4. Ne2 Bg7 5. O-O e5 6. c3 O-O 7. f4 Nc6 8. Na3
exd4 9. cxd4 Bg4 10. Nc2 Re8 11. e5 dxe5 12. dxe5 Nd5 13. a3 f6 14. Bc4 Kh8 15.
Qxd5 Qxd5 16. Bxd5 Bxe2 17. Re1 Bd3 18. Bxc6 bxc6 19. Nb4 Bf5 20. Nxc6 Bd7 21.
Nb4 fxe5 22. Nd3 e4 23. Ne5 Bxe5 24. fxe5 Rxe5 25. Bf4 Re7 26. Bxc7 e3 27. Ba5
e2 28. Bb4 Re6 29. a4 Rae8 30. Bc5 a6 31. b4 Bc6 32. Ra2 Bd5 33. Rb2 Kg8 34. b5
axb5 35. axb5 Bc4 36. b6 Rf6 37. Bf2 Ref8 38. Rexe2 Bxe2 39. Rxe2 Rb8 40. Re7
Rbf8 41. Re2 Rb8 42. Re7 1/2-1/2

[Event "Druzynowe Mistrzostwa Polski - II Liga Seniorow"]
[Site "Ustron/Slaski Zwiazek Szachowy"]
[Date "2008.09.08"]
[Round "3.3"]
[White "Najbar, Marcin"]
[Black "Budrewicz, Krzysztof"]
[Result "1/2-1/2"]
[WhiteTitle "k+"]
[BlackTitle "m"]
[WhiteElo "2230"]
[BlackElo "2333"]

1. e4 d5 2. exd5 Nf6 3. d4 Nxd5 4. Nf3 g6 5. Be2 Bg7 6. O-O O-O 7. c4 Nb6 8.
Nc3 Nc6 9. c5 Nd5 10. Bc4 Be6 11. Bb3 h6 12. Re1 Kh7 13. Ne4 Qd7 14. h3 Rad8
15. a3 f6 16. Ng3 Bf7 17. Bc2 Kg8 18. Qe2 Rfe8 19. Qf1 a6 20. Bd2 Qc8 21. Rad1
b6 22. cxb6 cxb6 23. Rc1 Qb7 24. Bd3 b5 25. Ne4 Qb6 26. Nc5 Nb8 27. h4 e6 28.
Bb1 Nd7 29. Re2 Qa7 30. Qe1 Nxc5 31. dxc5 e5 32. b4 Ne7 33. Be3 Nd5 34. Bd2 Bf8
35. Rd1 a5 36. Re4 axb4 37. axb4 Bg7 38. Bd3 Qb7 39. Qf1 Nc7 40. Bc3 Nd5 41.
Bb2 f5 42. Ree1 e4 43. Bxg7 exd3 44. Bxh6 Nxb4 45. Rxe8+ Bxe8 46. Qe1 Nc6 47.
Rxd3 Bf7 48. Rxd8+ Nxd8 49. Qe5 Ne6 50. Nd4 Qe4 51. Qb8+ Kh7 52. Nxe6 Bxe6 53.
Be3 Bd5 54. Qc7+ Kg8 55. Qd8+ Kf7 56. Qc7+ Kg8 57. Qg3 Kf7 58. Bg5 b4 59. f3
Qd4+ 60. Kh2 b3 61. Qc7+ Kg8 62. Qd8+ Kg7 63. Qd7+ Kg8 64. Qd8+ Kg7 65. c6 Qe5+
66. f4 Qe4 67. Qd7+ Kg8 68. Qd8+ Kg7 69. Qd7+ Kg8 70. Qd8+ 1/2-1/2

[Event "Druzynowe Mistrzostwa Polski - II Liga Seniorow"]
[Site "Ustron/Slaski Zwiazek Szachowy"]
[Date "2008.09.08"]
[Round "3.4"]
[White "Lisowski, Krzysztof"]
[Black "Krzywda, Andrzej"]
[Result "1-0"]
[WhiteTitle "k"]
[BlackTitle "I++"]
[WhiteElo "2199"]
[BlackElo "2163"]

1. e4 c5 2. Nf3 Nc6 3. Bb5 g6 4. O-O Bg7 5. c3 Nf6 6. Re1 O-O 7. h3 d6 8. d3 e5
9. Nbd2 Rb8 10. a3 Nh5 11. b4 Ne7 12. d4 cxd4 13. cxd4 exd4 14. Nb3 d5 15. e5
f5 16. Nfxd4 Qc7 17. Bg5 Nc6 18. Rc1 Bd7 19. e6 Be8 20. e7 Rf7 21. Nxc6 bxc6
22. Bxc6 Bxc6 23. e8=Q+ Rxe8 24. Rxe8+ Bxe8 25. Rxc7 Rxc7 26. Qxd5+ Rf7 27. Qd8
Rf8 28. Be7 Bf6 29. Nc5 Kf7 30. Qd5+ Kxe7 31. Qe6+ Kd8 32. Qd6+ Kc8 33. Qxf8
1-0

[Event "Druzynowe Mistrzostwa Polski - II Liga Seniorow"]
[Site "Ustron/Slaski Zwiazek Szachowy"]
[Date "2008.09.08"]
[Round "3.5"]
[White "Malecki, Rafal"]
[Black "Migala, Andrzej"]
[Result "1-0"]
[WhiteTitle ""]
[BlackTitle "I+"]
[WhiteElo "2118"]
[BlackElo "2091"]

1. e4 c5 2. Nf3 d6 3. Bc4 e6 4. c3 Nf6 5. d3 Be7 6. O-O O-O 7. Bb3 b6 8. Re1
Bb7 9. Nbd2 Nbd7 10. Nf1 Rc8 11. Ng3 Ne5 12. Bc2 Qc7 13. h3 Nxf3+ 14. Qxf3 Rfe8
15. Qe2 Bf8 16. f4 g6 17. Qf2 Bg7 18. Bd2 d5 19. e5 Nd7 20. Nf1 f6 21. exf6
Nxf6 22. Re2 Qf7 23. Rae1 Nd7 24. Nh2 e5 25. Nf3 exf4 26. Rxe8+ Rxe8 27. Rxe8+
Qxe8 28. Bxf4 c4 29. d4 b5 30. Qd2 Qe6 31. Bh6 Nf6 32. Bxg7 Kxg7 33. Ne5 Ne4
34. Bxe4 dxe4 35. Ng4 Qf5 36. Qh6+ Kg8 37. Qh4 Qe6 38. Qd8+ Kg7 39. Qc7+ Qf7
40. Qe5+ Kf8 41. Qxb5 h5 42. Ne5 1-0

[Event "Druzynowe Mistrzostwa Polski - II Liga Seniorow"]
[Site "Ustron/Slaski Zwiazek Szachowy"]
[Date "2008.09.08"]
[Round "3.6"]
[White "Krestianowa, Tatiana"]
[Black "Kupczyk, Edyta"]
[Result "1-0"]
[WhiteTitle ""]
[BlackTitle "m"]
[WhiteElo "2194"]
[BlackElo "2110"]

1. e4 c5 2. c3 Nf6 3. e5 Nd5 4. d4 cxd4 5. Nf3 Nc6 6. Bc4 Nb6 7. Bb3 d5 8. exd6
Qxd6 9. Na3 Be6 10. Nb5 Qd7 11. Nbxd4 Bxb3 12. axb3 Nxd4 13. Qxd4 e6 14. Be3
Qb5 15. Qe5 Qxb3 16. Rxa7 Rd8 17. O-O Nc4 18. Qc7 Nd6 19. Ne5 f6 20. Ra8 1-0

[Event "Druzynowe Mistrzostwa Polski - II Liga Seniorow"]
[Site "Ustron/Slaski Zwiazek Szachowy"]
[Date "2008.09.08"]
[Round "3.7"]
[White "Juroszek, Tadeusz"]
[Black "Maciejczak, Jakub"]
[Result "1/2-1/2"]
[WhiteTitle "m"]
[BlackTitle "m"]
[WhiteElo "2397"]
[BlackElo "2344"]

1. e4 c6 2. c4 d5 3. exd5 cxd5 4. cxd5 Nf6 5. Nc3 Nxd5 6. Nf3 Nc6 7. Bb5 a6 8.
Ba4 e6 9. O-O Be7 10. d4 O-O 11. Re1 b5 12. Bb3 Ncb4 13. Qe2 Nxc3 14. bxc3 Nd5
15. Qe4 Bb7 16. Bd2 Rc8 17. Rac1 Qb6 18. Qg4 Bf6 19. Ne5 Qd6 20. Nd3 Rcd8 21.
Nc5 Bc8 22. Qf3 Be7 23. Bc2 Nf6 24. Bg5 Rfe8 25. Qh3 g6 26. Bb3 Qc7 27. Qh4 Nh5
28. Ne4 Bb7 29. Bd1 Bxe4 30. Rxe4 Ng7 31. Bc2 1/2-1/2

[Event "Druzynowe Mistrzostwa Polski - II Liga Seniorow"]
[Site "Ustron/Slaski Zwiazek Szachowy"]
[Date "2008.09.08"]
[Round "3.8"]
[White "Jaroch, Karol"]
[Black "Kulesza, Mateusz"]
[Result "1-0"]
[WhiteTitle "I++"]
[BlackTitle "k+"]
[WhiteElo "2158"]
[BlackElo "2280"]

1. e4 e6 2. d4 d5 3. exd5 exd5 4. Nc3 c6 5. Bd3 Bd6 6. Nge2 Qc7 7. Bg5 Be6 8.
Qd2 Nd7 9. O-O-O h6 10. Bh4 Ne7 11. f4 O-O-O 12. f5 Nxf5 13. Bxd8 Kxd8 14. g3
g5 15. Rhf1 Ng7 16. Rde1 f5 17. Kb1 Nf6 18. Nd1 Ne4 19. Qc1 Rf8 20. c4 Qd7 21.
Ndc3 a6 22. c5 Be7 23. Rd1 Rh8 24. a4 h5 25. b4 h4 26. b5 axb5 27. axb5 Qc7 28.
Qa3 Kd7 29. Qa7 hxg3 30. hxg3 Rh2 31. Bxe4 dxe4 32. Rh1 Rxh1 33. Rxh1 Bc4 34.
Rh8 cxb5 35. Rb8 Ke6 36. Rxb7 Qd8 37. d5+ Kf6 38. d6 Bf8 39. Rb8 1-0

[Event "Druzynowe Mistrzostwa Polski - II Liga Seniorow"]
[Site "Ustron/Slaski Zwiazek Szachowy"]
[Date "2008.09.08"]
[Round "3.9"]
[White "Flasinski, Michal"]
[Black "Jaroch, Pawel"]
[Result "0-1"]
[WhiteTitle "k"]
[BlackTitle "k"]
[WhiteElo "2236"]
[BlackElo "2255"]

1. e4 c5 2. Nf3 d6 3. d4 cxd4 4. Nxd4 Nf6 5. Nc3 a6 6. f3 e5 7. Nb3 Be6 8. Be3
Be7 9. Qd2 O-O 10. O-O-O Qc7 11. g4 Rc8 12. g5 Nfd7 13. Kb1 b5 14. Nd5 Bxd5 15.
exd5 Nb6 16. Bxb6 Qxb6 17. Bh3 Rc4 18. Na5 Rf4 19. Qc3 Bd8 20. Nb3 Ra7 21. Rhg1
Rc7 22. Qd3 a5 23. Bf5 g6 24. Be4 Rh4 25. Qd2 b4 26. Nc1 Nd7 27. Nd3 Nc5 28.
Qf2 Rh3 29. f4 Qa7 30. Bg2 Nxd3 31. Qxa7 Rxa7 32. Bxh3 Nf2 33. Bg4 Nxd1 34.
Bxd1 exf4 35. h4 h6 36. gxh6 Bxh4 37. Kc1 Kh7 38. Kd2 Re7 39. c4 Bf2 40. Rh1
Re5 41. Rh3 Bd4 42. b3 Re3 43. Rh4 Bc3+ 44. Kc1 Be5 45. Kd2 Re4 46. Rh3 Rd4+
47. Ke2 Bf6 48. Bc2 Bg5 49. Rd3 Rxd3 50. Bxd3 Kxh6 51. Kf3 f5 52. c5 dxc5 53.
Bb5 Be7 54. Kxf4 Bd6+ 55. Kf3 g5 56. Bd7 g4+ 57. Kf2 Kg5 58. Bc8 f4 59. Bd7 Be5
60. Be6 Kh4 61. Bd7 Kh3 62. Bf5 Bd6 63. Be6 c4 64. bxc4 Bc5+ 65. Kf1 f3 0-1

[Event "Druzynowe Mistrzostwa Polski - II Liga Seniorow"]
[Site "Ustron/Slaski Zwiazek Szachowy"]
[Date "2008.09.08"]
[Round "3.10"]
[White "Ziolkowski, Dawid"]
[Black "Wojciechowski, Piotr"]
[Result "0-1"]
[WhiteTitle "k"]
[BlackTitle "k"]
[WhiteElo "2183"]
[BlackElo "2247"]

1. e4 c5 2. Nf3 e6 3. c4 Nc6 4. d4 cxd4 5. Nxd4 Nf6 6. Nxc6 bxc6 7. Bd3 e5 8.
O-O Bc5 9. Nd2 O-O 10. Nb3 Be7 11. c5 a5 12. Be3 d6 13. cxd6 Bxd6 14. h3 a4 15.
Nc5 a3 16. b3 Nd7 17. Rc1 Qe7 18. Qc2 Ra5 19. b4 Ra8 20. Rfd1 h6 21. Be2 Nxc5
22. Rxd6 Qxd6 23. Bxc5 Qg6 24. Bxf8 Bxh3 25. Bf1 Rxf8 26. Qxc6 Be6 27. Rc5 Rd8
28. b5 Bxa2 29. Qxg6 fxg6 30. b6 Rb8 31. Ra5 Rxb6 32. Rxa3 Be6 33. Ra6 Rxa6 34.
Bxa6 Kf7 35. f3 Ke7 36. Kf2 Kd6 37. Ke3 g5 38. Bb5 h5 39. Be8 h4 40. Bg6 Kc5
41. Bh7 Kc4 42. Bg6 Kc3 43. Bf5 Bc4 44. Bh3 Kc2 45. Bg4 Bb5 46. Be6 Kd1 47. Kf2
Kd2 48. Bf5 Kd3 49. Bg4 Be8 50. Be6 Bh5 51. Bf5 Kd4 52. Ke2 g4 53. fxg4 Be8 54.
Bh7 g5 55. Bf5 Bc6 56. Kf3 Ba4 57. Ke2 Bb3 58. Kf2 Bd1 59. g3 hxg3+ 60. Kxg3
Ke3 61. Bg6 Bf3 62. Be8 Bxe4 63. Bd7 Bd3 64. Bf5 e4 65. Bg6 Kd2 66. Bh5 Ke1 0-1

[Event "Druzynowe Mistrzostwa Polski - II Liga Seniorow"]
[Site "Ustron/Slaski Zwiazek Szachowy"]
[Date "2008.09.08"]
[Round "3.11"]
[White "Gola, Karol"]
[Black "Jozwicki, Jakub"]
[Result "1-0"]
[WhiteTitle "I++"]
[BlackTitle "k"]
[WhiteElo "2174"]
[BlackElo "2220"]

1. e4 c5 2. Nf3 e6 3. d4 cxd4 4. Nxd4 a6 5. Bd3 Bc5 6. Nb3 Ba7 7. c4 Nc6 8. O-O
Nf6 9. Nc3 O-O 10. Kh1 d6 11. f4 Bd7 12. Qe2 Qc7 13. Be3 Bxe3 14. Qxe3 e5 15.
f5 Nb4 16. Rad1 Nxd3 17. Rxd3 Qxc4 18. Rfd1 Ba4 19. Rxd6 Rfc8 20. Rxf6 gxf6 21.
Nd5 Rc6 22. Rc1 Qb5 23. Ne7+ Kg7 24. Nxc6 Bxb3 25. Na7 Rxa7 26. Qxa7 Bxa2 27.
Qf2 Bc4 28. Qg3+ Kf8 29. Qc3 Bd3 30. Qa3+ Ke8 31. Rc8+ Kd7 32. Qf8 Qa5 33. Qe8+
Kd6 34. Qd8+ Qxd8 35. Rxd8+ Kc6 36. Rxd3 1-0

[Event "Druzynowe Mistrzostwa Polski - II Liga Seniorow"]
[Site "Ustron/Slaski Zwiazek Szachowy"]
[Date "2008.09.08"]
[Round "3.12"]
[White "Bursa, Renata"]
[Black "Szydlowska, Marta"]
[Result "1/2-1/2"]
[WhiteTitle "WFM"]
[BlackTitle "k"]
[WhiteElo "2065"]
[BlackElo "2032"]

1. d4 d5 2. Nf3 Nf6 3. c4 dxc4 4. e3 e6 5. Bxc4 c5 6. Qe2 a6 7. dxc5 Bxc5 8.
O-O b5 9. Bd3 Nbd7 10. e4 e5 11. Bg5 Qb6 12. Nc3 O-O 13. Rfd1 Ng4 14. Bh4 Re8
15. Nd5 Qa7 16. Rac1 Ngf6 17. Bxf6 Nxf6 18. Nxf6+ gxf6 19. Nh4 Kh8 20. Qf3 Qb6
21. Rc2 Rg8 22. h3 Bd4 23. Rdc1 Bd7 24. Rc6 Qd8 25. Rxf6 Be6 26. Rh6 Qg5 27.
Qf6+ Qxf6 28. Rxf6 Bxb2 29. Rc6 Rgd8 30. Bc2 Bxa2 31. Rxa6 Rxa6 32. Rxa6 Bc4
33. Nf5 b4 34. Rb6 Bc3 35. Kh2 Kg8 36. h4 Kf8 37. h5 Be6 38. Kg3 Rc8 39. Ba4
Bd2 40. Kh4 Ra8 41. Bc6 Rd8 42. Kg4 Bc3 43. Bd5 Bxd5 44. exd5 Ke8 45. d6 Kd7
46. Kf3 Ke6 47. Ke4 Rg8 48. Ne3 f5+ 49. Kd3 f4 50. Nc4 Rxg2 51. Rb7 Kd5 52.
Rb5+ Kc6 53. Rb6+ Kd5 54. Rb5+ Kc6 55. Rb6+ Kd5 56. Rb5+ 1/2-1/2

[Event "Druzynowe Mistrzostwa Polski - II Liga S"]
[Site "Ustron/Slaski Zwiazek Szachowy"]
[Date "2008.09.08"]
[Round "3.13"]
[White "Cichocki, Adam"]
[Black "Pinkas, Karol"]
[Result "1/2-1/2"]
[WhiteElo "2320"]
[BlackElo "2317"]
[PlyCount "41"]
[EventDate "2008.??.??"]

1. d4 d5 2. c4 Nc6 3. cxd5 Qxd5 4. Nf3 e5 5. Nc3 Bb4 6. dxe5 Qxd1+ 7. Kxd1 Bg4
8. h3 O-O-O+ 9. Bd2 Bxf3 10. gxf3 Nxe5 11. Kc2 Ne7 12. h4 N7c6 13. Rd1 Kb8 14.
Rg1 g6 15. Bg5 Rxd1 16. Kxd1 h5 17. Bh3 Rf8 18. Bf6 Be7 19. Bxe7 Nxe7 20. f4
Nc4 21. Kc1 1/2-1/2

[Event "Druzynowe Mistrzostwa Polski - II Liga S"]
[Site "Ustron/Slaski Zwiazek Szachowy"]
[Date "2008.09.08"]
[Round "3.14"]
[White "Tokarski, Bartosz"]
[Black "Dlugosz, Jedrzej"]
[Result "0-1"]
[WhiteElo "2157"]
[BlackElo "2340"]
[PlyCount "120"]
[EventDate "2008.??.??"]

1. e4 g6 2. d4 Bg7 3. Nc3 c6 4. f4 d5 5. e5 Qb6 6. Nf3 Bg4 7. Be2 Nh6 8. Na4
Qa5+ 9. c3 Nd7 10. b4 Qc7 11. O-O e6 12. Be3 Nf5 13. Qd2 Bxf3 14. Rxf3 h5 15.
Nb2 Bf8 16. Rff1 Be7 17. a4 a5 18. Bf2 Nb6 19. Rfc1 O-O 20. Be1 Nd7 21. Bf2 Qb6
22. b5 c5 23. Rc2 Rfc8 24. h3 cxd4 25. Rac1 Ne3 26. Bxe3 dxe3 27. Qd3 Nc5 28.
Qd4 Qd8 29. Rd1 Ne4 30. Nd3 Nf2 31. Nxf2 exf2+ 32. Kf1 Bc5 33. Qd3 Qh4 34. Qf3
Bb6 35. Rdc1 Rc7 36. Bd3 Rac8 37. Be2 Kg7 38. Bd3 Qe7 39. Be2 Qa3 40. g4 hxg4
41. hxg4 d4 42. c4 Qxf3 43. Bxf3 d3 44. Rc3 Be3 45. Rd1 Rxc4 46. Rxc4 Rxc4 47.
Rxd3 Rc1+ 48. Bd1 Bxf4 49. Kxf2 Bxe5 50. Rd7 Rc7 51. Rd3 b6 52. Kf3 f5 53. Bb3
Kf6 54. gxf5 exf5 55. Bg8 Rc3 56. Rxc3 Bxc3 57. Ke3 Ke5 58. Kd3 Bb4 59. Ke3 g5
60. Bf7 g4 0-1

[Event "Druzynowe Mistrzostwa Polski - II Liga S"]
[Site "Ustron/Slaski Zwiazek Szachowy"]
[Date "2008.09.08"]
[Round "3.15"]
[White "Kolosowski, Pawel"]
[Black "Zowada, Kazimierz"]
[Result "1-0"]
[WhiteElo "2309"]
[BlackElo "2196"]
[PlyCount "95"]
[EventDate "2008.??.??"]

1. e4 g6 2. d4 Bg7 3. Nc3 d6 4. Be3 Nf6 5. f3 c6 6. Qd2 O-O 7. Bc4 b5 8. Bb3 a5
9. a4 b4 10. Nce2 Nbd7 11. Bh6 e6 12. h4 Bxh6 13. Qxh6 Kh8 14. h5 Ng8 15. Qf4
Nb6 16. hxg6 fxg6 17. Qg3 Kg7 18. Qh3 h6 19. Bxe6 Qg5 20. Bxc8 Raxc8 21. b3 c5
22. Rd1 c4 23. Qg3 Qe3 24. Qf2 Qxf2+ 25. Kxf2 Nf6 26. Ke3 cxb3 27. cxb3 Rc2 28.
Rb1 Rfc8 29. Nh3 Nh5 30. Rhc1 Nd5+ 31. exd5 Re8+ 32. Kd3 Rcxe2 33. Rc7+ Kf6 34.
Rc6 Rxg2 35. Rxd6+ Kf5 36. Kc4 Rb8 37. Re1 Rc2+ 38. Kd3 Rc3+ 39. Kd2 Rxf3 40.
Re5+ Kg4 41. Rxg6+ Kh4 42. Rxh6 Kxh3 43. Rg5 Rf4 44. Rhxh5+ Rh4 45. d6 Rd8 46.
Rxh4+ Kxh4 47. Rd5 Kg4 48. d7 1-0

[Event "Druzynowe Mistrzostwa Polski - II Liga S"]
[Site "Ustron/Slaski Zwiazek Szachowy"]
[Date "2008.09.08"]
[Round "3.16"]
[White "Guzik, Jolanta"]
[Black "Bugalski, Michal"]
[Result "0-1"]
[WhiteElo "2095"]
[BlackElo "2279"]
[PlyCount "76"]
[EventDate "2008.??.??"]

1. c4 e5 2. Nc3 d6 3. g3 g6 4. Bg2 Bg7 5. e3 c6 6. Nge2 Be6 7. d3 Qd7 8. h3 Ne7
9. Rb1 a5 10. a3 O-O 11. b4 axb4 12. axb4 Na6 13. Qc2 Nc7 14. e4 b5 15. Nd1 d5
16. c5 f5 17. exf5 Nxf5 18. O-O d4 19. Bd2 Nd5 20. Nc1 Rf7 21. Nb3 Raf8 22. Ra1
Bh6 23. Re1 Bg7 24. Kh2 h5 25. Re2 h4 26. g4 Nfe7 27. f3 Nf4 28. Bxf4 Rxf4 29.
Nd2 Nd5 30. Qb2 R4f7 31. Ne4 Nf4 32. Rd2 Nxg2 33. Rxg2 Rxf3 34. Qe2 Bd5 35. Rf2
Rxf2+ 36. Ndxf2 Qf7 37. Rf1 Bh6 38. Nh1 Qxf1 0-1

[Event "Druzynowe Mistrzostwa Polski - II Liga S"]
[Site "Ustron/Slaski Zwiazek Szachowy"]
[Date "2008.09.08"]
[Round "3.17"]
[White "Kempinski, Tomasz"]
[Black "Siedlinski, Piotr"]
[Result "1/2-1/2"]
[WhiteElo "2260"]
[BlackElo "1853"]
[PlyCount "53"]
[EventDate "2008.??.??"]

1. e4 d5 2. exd5 Qxd5 3. Nc3 Qa5 4. d4 Nf6 5. Bc4 Bf5 6. Bd2 c6 7. Nf3 e6 8.
O-O Qc7 9. Qe2 Be7 10. Ne5 Nbd7 11. Bf4 Bd6 12. Bg3 O-O 13. Rfe1 Nd5 14. Ne4
Bxe4 15. Qxe4 Nxe5 16. dxe5 Bc5 17. Bd3 g6 18. h4 h5 19. Rad1 Rad8 20. c3 Rfe8
21. Bb1 Bf8 22. Bh2 Ne7 23. Rxd8 Rxd8 24. g4 hxg4 25. Qxg4 Bg7 26. h5 gxh5 27.
Qxh5 1/2-1/2

[Event "Druzynowe Mistrzostwa Polski - II Liga S"]
[Site "Ustron/Slaski Zwiazek Szachowy"]
[Date "2008.09.08"]
[Round "3.18"]
[White "Labedz, Patrycja"]
[Black "Bukowska, Katarzyna"]
[Result "0-1"]
[WhiteElo "1949"]
[BlackElo "2040"]
[PlyCount "37"]
[EventDate "2008.??.??"]

1. e4 e5 2. Nf3 Nc6 3. Bb5 a6 4. Bxc6 dxc6 5. O-O Bg4 6. h3 h5 7. d3 Qf6 8.
Nbd2 Ne7 9. Qe1 Ng6 10. Qe3 Nf4 11. Re1 Bxh3 12. gxh3 Qg6+ 13. Ng5 Qxg5+ 14.
Qg3 Nxh3+ 15. Kh2 Qxg3+ 16. Kxg3 Ng5 17. Nc4 Ne6 18. f3 O-O-O 19. Be3 {
Dalej zapisy rozne} 0-1

[Event "Druzynowe Mistrzostwa Polski - II Liga S"]
[Site "Ustron/Slaski Zwiazek Szachowy"]
[Date "2008.09.08"]
[Round "3.19"]
[White "Dobosz, Henryk"]
[Black "Hera, Imre"]
[Result "1/2-1/2"]
[WhiteElo "2440"]
[BlackElo "2518"]
[PlyCount "50"]
[EventDate "2008.??.??"]

1. d4 d5 2. Nf3 Nf6 3. c4 dxc4 4. e3 e6 5. Bxc4 a6 6. O-O c5 7. dxc5 Qxd1 8.
Rxd1 Bxc5 9. a3 b5 10. Be2 Bb7 11. a4 bxa4 12. Nc3 Nbd7 13. Nxa4 Be7 14. Nd4
O-O 15. f3 Nc5 16. e4 Nfd7 17. Be3 Rfc8 18. Nxc5 Bxc5 19. Kf2 Rc7 20. Nb3 Bxe3+
21. Kxe3 Kf8 22. Na5 Ke7 23. Ra4 Rac8 24. Rb4 Rc5 25. Nb3 R5c7 1/2-1/2

[Event "Druzynowe Mistrzostwa Polski - II Liga S"]
[Site "Ustron/Slaski Zwiazek Szachowy"]
[Date "2008.09.08"]
[Round "3.20"]
[White "Kosiorek, Marek"]
[Black "Niemiec, Artur"]
[Result "1-0"]
[WhiteElo "2371"]
[BlackElo "2230"]
[PlyCount "48"]
[EventDate "2008.??.??"]

1. d4 Nf6 2. Nf3 e6 3. g3 c5 4. Bg2 d5 5. O-O Nc6 6. c4 Be7 7. cxd5 exd5 8. Nc3
c4 9. Ne5 O-O 10. Bg5 Nxe5 11. dxe5 Ng4 12. Bxe7 Qxe7 13. Bxd5 Nxe5 14. Qd4 Bf5
15. f4 Ng4 16. e4 Be6 17. Rae1 Qb4 18. f5 Bxd5 19. Nxd5 Rad8 20. h3 Qd6 21. Kg2
Ne5 22. f6 Rfe8 23. Qxa7 Nd3 24. Re3 Re7 {dalej zapisy rozne} 1-0

[Event "Druzynowe Mistrzostwa Polski - II Liga S"]
[Site "Ustron/Slaski Zwiazek Szachowy"]
[Date "2008.09.08"]
[Round "3.21"]
[White "Komorzycki, Jakub"]
[Black "Szymczak, Zbigniew"]
[Result "0-1"]
[WhiteElo "2139"]
[BlackElo "2295"]
[PlyCount "73"]
[EventDate "2008.??.??"]

1. Nf3 g6 2. d4 Bg7 3. e4 d6 4. Bb5+ c6 5. Be2 Nf6 6. Nc3 O-O 7. Bf4 Nbd7 8. e5
dxe5 9. Nxe5 Nxe5 10. Bxe5 Qb6 11. Na4 Qa5+ 12. c3 Bh6 13. O-O Nd5 14. Nc5 Qd8
15. Bf3 b6 16. Nd3 Ba6 17. Re1 Rc8 18. h4 e6 19. h5 c5 20. hxg6 hxg6 21. Re4 c4
22. Nf4 Bxf4 23. Rxf4 Nxf4 24. Bxf4 Qd7 25. Bh6 Rfe8 26. Qe2 Kh7 27. Bg5 Bb7
28. Bf6 Bxf3 29. gxf3 Qd5 30. Kg2 g5 31. Rh1+ Kg6 32. Be5 g4 33. Qd2 Qxf3+ 34.
Kg1 Kf5 35. Rh5+ Ke4 36. Bf6 e5 37. dxe5 0-1

[Event "Druzynowe Mistrzostwa Polski - II Liga S"]
[Site "Ustron/Slaski Zwiazek Szachowy"]
[Date "2008.09.08"]
[Round "3.22"]
[White "Kukula, Pawel"]
[Black "Moniszka, Krzysztof"]
[Result "1/2-1/2"]
[WhiteElo "2238"]
[BlackElo "2097"]
[PlyCount "89"]
[EventDate "2008.??.??"]

1. d4 Nf6 2. c4 g6 3. Nc3 d5 4. Nf3 Bg7 5. Bf4 O-O 6. e3 c5 7. dxc5 Qa5 8. Rc1
dxc4 9. Bxc4 Qxc5 10. Be2 Qa5 11. O-O Nc6 12. Nd2 Rd8 13. Qe1 Be6 14. a3 Nh5
15. Bg3 Nxg3 16. hxg3 Ne5 17. Rc2 Nd3 18. Bxd3 Rxd3 19. Qc1 Rad8 20. Ndb1 Bb3
21. Rd2 Qf5 22. Re1 Bh6 23. Rxd3 Qxd3 24. Re2 Rc8 25. Qe1 Qf5 26. Rd2 Bg7 27.
Qe2 a5 28. e4 Qc5 29. a4 Bd4 30. Qd3 e5 31. Qf3 Kg7 32. g4 h6 33. Re2 Rc6 34.
Nd2 Be6 35. Nd5 Qc1+ 36. Kh2 Qd1 37. Nb3 Bxd5 38. Nxd4 Rf6 39. Nf5+ gxf5 40.
exd5 e4 41. Qe3 Qxd5 42. gxf5 Rxf5 43. Qxe4 Qxe4 44. Rxe4 Rxf2 45. b4 1/2-1/2

[Event "Druzynowe Mistrzostwa Polski - II Liga S"]
[Site "Ustron/Slaski Zwiazek Szachowy"]
[Date "2008.09.08"]
[Round "3.23"]
[White "Jonczyk, Krzysztof"]
[Black "Szczesniak, Andrzej"]
[Result "1-0"]
[WhiteElo "2049"]
[BlackElo "2105"]
[PlyCount "55"]
[EventDate "2008.??.??"]

1. e4 d5 2. exd5 Qxd5 3. Nc3 Qd6 4. Nf3 Nf6 5. h3 c6 6. Bc4 Bf5 7. d3 e6 8. Qe2
Be7 9. Ne5 Nd5 10. g4 Bg6 11. Bxd5 cxd5 12. Bf4 Qb4 13. Bd2 Qb6 14. O-O-O Nc6
15. Nxg6 hxg6 16. Rde1 O-O-O 17. Qf3 Rdf8 18. Qf4 Rh4 19. Qa4 Rfh8 20. Qf4 Bf6
21. f3 g5 22. Qg3 Nb4 23. Kb1 Qc6 24. Rc1 Qa6 25. a3 Nc6 26. f4 gxf4 27. Qxf4
Nd4 28. Be3 {dalej zapisy nieczytelne} 1-0

[Event "Druzynowe Mistrzostwa Polski - II Liga S"]
[Site "Ustron/Slaski Zwiazek Szachowy"]
[Date "2008.09.08"]
[Round "3.25"]
[White "Murdzia, Piotr"]
[Black "Szczechowicz, Bartosz"]
[Result "1-0"]
[WhiteElo "2481"]
[BlackElo "2270"]
[PlyCount "71"]
[EventDate "2008.??.??"]

1. d4 Nf6 2. c4 e6 3. Nc3 Bb4 4. Nf3 c5 5. g3 cxd4 6. Nxd4 O-O 7. Bg2 d5 8.
cxd5 Nxd5 9. Qb3 Nc6 10. Nxc6 bxc6 11. O-O Qa5 12. Bd2 Bxc3 13. bxc3 Ba6 14.
Rfd1 Qc5 15. e4 Bc4 16. Qc2 Nb6 17. Bf4 e5 18. Be3 Qe7 19. Qb2 Na4 20. Qb4 Qxb4
21. cxb4 a5 22. Rdc1 Bb5 23. Rab1 axb4 24. Rxb4 Rfb8 25. a3 f6 26. Bh3 Rb7 27.
Bg4 Nb6 28. Rc3 Nd7 29. Bd1 Nb8 30. a4 Ba6 31. Rxb7 Bxb7 32. Rd3 Kf7 33. Rd8
Kg6 34. h4 c5 35. h5+ Kf7 36. Bxc5 1-0

[Event "Druzynowe Mistrzostwa Polski - II Liga S"]
[Site "Ustron/Slaski Zwiazek Szachowy"]
[Date "2008.09.08"]
[Round "3.27"]
[White "Walkusz, Witoslaw"]
[Black "Betkowski, Andrzej"]
[Result "1/2-1/2"]
[WhiteElo "2151"]
[BlackElo "2201"]
[PlyCount "63"]
[EventDate "2008.??.??"]

1. e4 e6 2. d4 d5 3. Nc3 Bb4 4. a3 Bxc3+ 5. bxc3 dxe4 6. Qg4 Nf6 7. Qxg7 Rg8 8.
Qh6 Rg6 9. Qd2 b6 10. Ne2 Bb7 11. Nf4 Rg8 12. Bb2 Nbd7 13. a4 Nd5 14. c4 e3 15.
fxe3 Nxf4 16. exf4 Nf6 17. O-O-O Qe7 18. Rg1 O-O-O 19. g3 Ne4 20. Qe1 Qd7 21.
a5 Qa4 22. axb6 axb6 23. f5 exf5 24. Bh3 Nd6 25. c5 Rge8 26. Qc3 Nc4 27. Bxf5+
Kb8 28. cxb6 cxb6 29. Rge1 Bd5 30. Bd3 Ne3 31. Bb5 Qxb5 32. Rxe3 1/2-1/2

[Event "Druzynowe Mistrzostwa Polski - II Liga S"]
[Site "Ustron/Slaski Zwiazek Szachowy"]
[Date "2008.09.08"]
[Round "3.28"]
[White "Wozniak, Maciej"]
[Black "Zdrojewski, Wojciech"]
[Result "1/2-1/2"]
[WhiteElo "2221"]
[BlackElo "2190"]
[PlyCount "93"]
[EventDate "2008.??.??"]

1. e4 Nf6 2. e5 Nd5 3. d4 d6 4. Nf3 Nc6 5. Bb5 a6 6. Bxc6+ bxc6 7. h3 Bf5 8.
O-O e6 9. a3 Be7 10. Qe2 O-O 11. Rd1 Bg6 12. c4 Nb6 13. Nh2 Nd7 14. b4 a5 15.
b5 cxb5 16. cxb5 Nb6 17. Nc3 Qd7 18. Ng4 c6 19. exd6 Qxd6 20. Ne5 cxb5 21. Nxb5
Qd8 22. Nc6 Qd7 23. Nxe7+ Qxe7 24. d5 Rfd8 25. d6 Qf6 26. Bb2 Qf4 27. Rac1 Qe4
28. Qf1 Nd5 29. Nc7 Rab8 30. Nxd5 exd5 31. Re1 Qd3 32. Qxd3 Bxd3 33. Bd4 Bb5
34. Re7 Rd7 35. Rc7 Rxe7 36. dxe7 f6 37. Ra7 a4 38. Bc5 Be8 39. Bb4 Rc8 40. Ra5
Rc1+ 41. Kh2 Rd1 42. Kg3 Kf7 43. Kf3 h6 44. Ra8 Rd4 45. Rd8 Rd1 46. Ke2 Rd4 47.
Ke3 1/2-1/2